000 00817nam a2200253Ia 4500
003 OSt
005 20221005083707.0
006 a|||||r|||| 00| 0
007 ta
008 221004b |||||||| |||| 00| 0 eng d
020 _a9789386473585 (hbk)
_cINR 750.00
024 _a65908
037 _b1284/2019-20, 18/12/2019, Vitasta Publishing Pvt. Ltd.
_cTextual
040 _aCRL
_cCRL
_beng
041 _2eng
_aeng
082 _aW.2, Q9
100 _aGoradia Prafull Au.
_940707
245 0 _aParadoxes of India's politics
260 _aNew Delhi
_bVitasta Publishing India
_c2019
300 _a214p.
_ccm.
650 _aINDIA - POLITICS AND GOVERNMENT
_933658
942 _hW.2, Q9
_cTEXL
_2cc
999 _c991391
_d991391